Meranie a zobrazenie detailov stavby v katastri nehnuteľností

Salvato in:
Dettagli Bibliografici
Autore principale: Noga, Matej (Autore)
Altri autori: Geisse, Robert (Relatore della tesi)
Natura: Manoscritto Libro
Lingua:slovacco
Pubblicazione: 2023
Soggetti:
Accesso online:http://is.stuba.sk/zp/portal_zp.pl?podrobnosti=168664
https://opac.crzp.sk/?fn=detailBiblioForm&sid=9CB04A0EB3E2DA914594890E204E
Tags: Aggiungi Tag
Nessun Tag, puoi essere il primo ad aggiungerne!!

MARC

LEADER 00000ntm a22000003a 4500
001 stuzp93314
003 SK-STU
005 20230920105806.2
007 ta
008 150427s2015----xo-----f-mn---000-0-slo-d
040 |a STU  |b slo 
041 0 |a slo 
100 1 |a Noga, Matej  |u 010140  |4 aut  |U SvF Stavebná fakulta  |T SvF Katedra geodézie  |X 97673  |U V140  |Y 14  |7 97673 
242 0 1 |a Measurement and display of building details in the real estate cadastre  |y eng 
245 1 0 |a Meranie a zobrazenie detailov stavby v katastri nehnuteľností 
260 |c 2023 
650 4 |a katastrálna mapa  |2 slo 
650 4 |a návrh zobrazenia  |2 slo 
650 4 |a detail stavby  |2 slo 
650 4 |a mostný objekt  |2 slo 
650 4 |a construction detail  |2 eng 
650 4 |a bridge object  |2 eng 
650 4 |a propose the display  |2 eng 
650 4 |a cadastral map  |2 eng 
700 1 |a Geisse, Robert  |u 010140  |k Z8  |4 ths  |U SvF Stavebná fakulta  |T SvF Katedra geodézie  |X 886  |U V140  |Y 14  |7 A000000886 
856 4 |u http://is.stuba.sk/zp/portal_zp.pl?podrobnosti=168664 
856 4 |u https://opac.crzp.sk/?fn=detailBiblioForm&sid=9CB04A0EB3E2DA914594890E204E